Statistics for Capitals (hard)

Click here to take the quiz!

General Stats

  • This quiz has been taken 22 times
  • The average score is 35 of 58

Answer Stats

Country/ RegionAnswer% Correct
North KoreaPyongyang
100%
ScotlandEdinburgh
95%
BavariaMunich
95%
AlaskaJuneau
90%
TibetLhasa
90%
GreenlandNuuk
90%
TurkmenistanAshgabat
85%
WalesCardiff
85%
Timor LesteDili
85%
Emirate DubaiDubai
85%
NicaraguaManagua
85%
YemenSana'a
85%
Dominican RepublicSanto Domingo
85%
New South WalesSydney
85%
ParaguayAsunción
80%
BruneiBandar Seri Begawan
80%
Southeast VietnamHo Chi Minh City
80%
NigerNiamey
80%
TaiwanTaipei
80%
OntarioToronto
80%
LaosVientiane
80%
Sierra LeoneFreetown
75%
GibraltarGibraltar
75%
Puerto RicoSan Juan
75%
ColoradoDenver
70%
TajikistanDushanbe
70%
MallorcaPalma de Mallorca
70%
Antigua and BarbudaSaint John's
70%
FloridaTallahassee
70%
TasmaniaHobart
65%
OsakaOsaka
65%
West MidlandsBirmingham
60%
PalauNgerulmud
60%
Falkland IslandStanley
55%
South HollandThe Hague
55%
SardiniaCagliari
50%
French GuyanaCayenne
50%
AmazonasManaus
50%
ZanzibarZanzibar City
50%
GuangdongGuangzhou
45%
PunjabLahore
40%
CrimeaSevastopol
40%
DnipropetrovskDnipro
35%
KrasnoyarskKrasnoyarsk
35%
JerseySaint Helier
35%
YukonWhitehorse
35%
SvalbardLongyearbyen
30%
New CaledoniaNouméa
30%
Primorsky KraiVladivostok
30%
SomalilandHargeisa
25%
RajasthanJaipur
25%
Nuevo LéonMonterrey
25%
CuraçaoWillemstad
25%
RéunionSaint-Denis
20%
Central MacedoniaThessaloniki
20%
TransnistriaTiraspol
20%
Fars ProvinceShiraz
15%
LagosIkeja
10%

Score Distribution

Percentile by Number Answered

Percent of People with Each Score

Your Score History

You have not taken this quiz